Paix ou Querres : les secrets des negociations israelo-arabes 1917-1995
Αποθηκεύτηκε σε:
| Κύριος συγγραφέας: | |
|---|---|
| Μορφή: | Βιβλίο |
| Γλώσσα: | French |
| Δημοσίευση: |
Paris :
Fayard,
2002.
|
| Θέματα: | |
| Ετικέτες: |
Προσθήκη ετικέτας
Δεν υπάρχουν, Καταχωρήστε ετικέτα πρώτοι!
|
MARC
| LEADER | 00000nam a2200000 a 4500 | ||
|---|---|---|---|
| 001 | 1/126113 | ||
| 008 | 230208s2004####fr | ||| |||| ||fre|| | ||
| 020 | |a 9782213617059 | ||
| 040 | |a GR-MyUa |b gre |c GR-MyUa |e AACR2 | ||
| 041 | 0 | |a fre | |
| 082 | 7 | |a 956.04 |2 (23) | |
| 100 | 1 | |a Enderlin, Charles. | |
| 245 | 1 | 0 | |a Paix ou Querres : |b les secrets des negociations israelo-arabes 1917-1995 / |c Charles Enderlin. |
| 260 | |a Paris : |b Fayard, |c 2002. | ||
| 300 | |a 777 σ. : |b χαρτ. ; |c 25 εκ. | ||
| 504 | |a Περιέχει βιβλιογραφικές παραπομπές και ευρετήριο. | ||
| 650 | 0 | |a Jewish-Arab relations |x History |y 1917-1949. | |
| 650 | 0 | |a Arab-Israeli conflict. | |
| 651 | 0 | |a Israel |x History. | |
| 970 | |a Σιδερή |b Νεκταρία |z 2023-02-08 | ||